• 首页
  • 本馆介绍
  • 公告通知
  • 最新文献
  • 馆藏检索
  • 电子资源
  • 读者导购
  • 参考咨询
  • 我的图书馆
  • 登录
  • 详细信息显示
  • 放入我的书架
  • 预约/预借图书
  • 作者相关作品
  • 分类相关作品
  • 丛书相关作品
  • 出版社相关作品

书目信息

  • 表格格式
  • 工作单格式
  • 卡片格式
题名:
简明化学手册
    
 
作者: 拉比诺维奇 , Рабинович 编 ;尹承烈 译
分册:  
出版信息: 北京   化学工业出版社  1983
页数: 720页
开本: 19cm
丛书名:
单 册:
中图分类: O6-62
科图分类:
主题词: 化学--手册
电子资源:
ISBN:
000 00816nam0 2200277 45
001 0183012211
005 20040927094651.5
010    @dCNY2.85
091    @a15063.3455
100    @a19950808d1983 em y0chiy0121 ea
101 1  @achi@crus
102    @aCN@b110000
105    @ay z 000yy
106    @ar
200 10 @a简明化学手册@Ajian ming hua xue shou ce@f(苏)拉比诺维奇(В.А.Рабинович)编@g尹承烈译
210    @a北京@c化学工业出版社@d1983
215    @a720页@d19cm
517 1  @a化学手册@Ahua xue shou ce
606    @a化学@x手册
690    @aO6-62@v3
701  1 @a拉比诺维奇@Ala bi nuo wei qi@bВ.А.@4编
701 A1 @aРабинович@bВ.А.@4著
702  0 @a尹承烈@Ayin cheng lie@4译
801  0 @aCN@b上海图书馆@c20040927
801  2 @aCN@bNLC@c20040927
905    @f1@b111222@dO6-62@e138
    
    简明化学手册/(苏)拉比诺维奇(В.А.Рабинович)编/尹承烈译.-北京:化学工业出版社,1983
    720页;19cm
    
    
    ISBN :CNY2.85
    
●
相关链接 在E读中查询图书 在五车中查询图书 在当当中查询图书 在豆瓣中查询图书


正题名:简明化学手册     索取号:O6-62/138         预约/预借

序号 登录号 条形码 馆藏地/架位号 状态 备注
1 0111222   001963496   第三借阅区/ [索取号:O6-62/138] 在馆    
2 0111223   000339066   第二样本阅览室/ [索取号:O6-62/138] 在馆    
唐山师范学院图书馆 欢迎您!
大连网信软件有限公司© 版权所有